Top 15 landen met Covid-19 sterfgevallen - 6 oktober 2021 - Statistieken

Algemene statistieken
  • Deze quiz is 9 keer genomen
  • De gemiddelde score is 13 van 25
Antwoordstatistieken
land % Correct
Argentinië
100%
België
100%
Brazilië
100%
Frankrijk
100%
Verenigde Staten
100%
India
86%
Rusland
86%
Duitsland
71%
Italië
71%
Verenigd Koninkrijk
71%
Indonesië
57%
Iran
57%
Mexico
57%
Zuid-Afrika
57%
Peru
43%
Hongarije
29%
Slovenië
29%
Tsjechië
29%
Bosnië en Herzegovina
14%
Bulgarije
14%
Colombia
14%
Slowakije
14%
Georgië
0%
Noord-Macedonië
0%
Paraguay
0%
Geen overeenkomende quizzen gevonden
Scoreverdeling
Procent van Mensen met Elke Score
Percentiel versus Aantal Correcte Antwoorden
Uw Scoregeschiedenis
U heeft deze quiz nog niet genomen